La Imprenta en Caracas. 1808-1821. Notas bibliográficas. Por J. T. Medina. Escudo de la Tipografía

Saved in:
Bibliographic Details
Main Author: Medina, José Toribio autor
Format: Book
Language:Spanish
Published: Santiago Imprenta Elzeviriana 1904
Edition:1a. ed
Subjects:
Tags: Add Tag
No Tags, Be the first to tag this record!

MARC

LEADER 00000nam a2200000 a 4500
001 UCJ6077
003 CL-VaPUC
005 20211115173927.0
008 070124e19040000CL |||||||||||||||||spa|d
999 |c 322185  |d 322183 
040 |c Pontificia Universidad Católica de Valparaíso 
082 0 4 |a 983  |b MED  |2 21 
100 |a Medina, José Toribio  |d autor  |9 864577 
245 1 3 |a La Imprenta en Caracas. 1808-1821. Notas bibliográficas. Por J. T. Medina. Escudo de la Tipografía 
250 |a 1a. ed 
260 |a Santiago  |b Imprenta Elzeviriana  |c 1904 
300 |a ix, 29 p 
500 |a 8§.- Anteport.: La imprenta en Caracas.- v.: (entre filetes) Tirada de 200 ejemplares.- Port. a dos tintas.- v. en bl.- Ultima pág.: marca tipográfica. Chiappa-Feliú Cruz, N§ 149. Esta obra se encuentra empastada junto a otras de Medina en un volumen rotulado: Medina. La imprenta en varios pueb. del Perú. 1904 
583 |a last modification  |c 20070124 00:00:00  |k Rodrigo Vera 
650 0 |a Imprenta  |9 265883 
650 7 |a BIBLIOGRAFIA  |2 CL-VaPUC  |9 256175 
651 7 |a CARACAS  |2 CL-VaPUC  |9 323786 
942 |c BK  |2 ddc 
945 |d 20070124 00:00:00  |a rinostro 
952 |0 0  |1 0  |4 0  |6 983_000000000000000_MED_1904  |7 0  |8 X  |9 401117  |a FDOBUD  |b FDOBUD  |d 2019-11-22  |i 1043390  |o 983 MED 1904  |p 1043390  |r 2019-11-22  |w 2019-11-22  |y BK_X  |k BUD